LDR 00486naa#a2200157#i#450# 001 EN\\bibl\126747 005 20260705201744.7 011 ## _a2542-1840 100 ## _a20260630b2026####ek#y0engy0150####ca 102 ## _aRU 200 1# _aObtaining and Evaluating Truthful Testimony: Evolution and Classification _eJournal article 210 1# _aKemerovo _cKemerovo State University _d2026 215 ## _a9 с. 608 ## _aJournal article _2local 700 #1 _aKurbatova _gSvetlana M. 856 4# _ajstrategizing.kemsu.ru _u